Propuesta de un manual para el diseño del material en tratamientos superficiales de una, dos y tres capas en Costa Rica
Na minha lista:
| Autor principal: | |
|---|---|
| Formato: | Livro |
| Idioma: | Spanish |
| Publicado em: |
San José, Costa Rica
2016
|
| Assuntos: | |
| Tags: |
Adicionar Tag
Sem tags, seja o primeiro a adicionar uma tag!
|
MARC
| LEADER | 00000nam a22000007a 4500 | ||
|---|---|---|---|
| 003 | 012498 | ||
| 005 | 20221231144120.0 | ||
| 008 | 161102b2016 cr a|||| m||| 00| ||spa d | ||
| 040 | |c cru CEDI | ||
| 090 | |a TFG 7654 | ||
| 100 | |9 5512 |a Herra Gómez, Luis Diego | ||
| 245 | |a Propuesta de un manual para el diseño del material en tratamientos superficiales de una, dos y tres capas en Costa Rica | ||
| 260 | |a San José, Costa Rica |c 2016 | ||
| 300 | |a xviii, 89[31] hojas; ilustraciones a color | ||
| 500 | |a Proyecto de graduación (licenciatura en ingeniería civil)--Universidad de Costa Rica. Facultad de Ingeniería. Escuela de Ingeniería Civil | ||
| 650 | |x PAVIMENTOS DE ASFALTO - EVALUACION - COSTA RICA |x EMULSIONES ASFALTICAS |x MATERIALES PARA CARRETERAS - PRUEBAS |x MEZCLAS DE EMULSION ASFALTICA |x PAVIMENTOS - MANTENIMIENTO Y REPARACION - |x MANUALES |9 5513 | ||
| 942 | |c TFG | ||
| 999 | |c 17124 |d 17124 | ||
